| 000 | 00726nam a2200241 a 4500 | ||
|---|---|---|---|
| 005 | 20140224114407.0 | ||
| 008 | 140224b19851989-Us||||| |||| 00| 0 eng d | ||
| 041 | _aeng | ||
| 044 | _axxu | ||
| 090 |
_aLB _b00899 |
||
| 100 |
_aNilsson, Greta _99783 |
||
| 245 | _aImportation of birds into the United States | ||
| 260 |
_aWashington _bAnimal Welfare Institute _c1985 - 1989 |
||
| 300 | _a3 vol. | ||
| 505 | _aVol. 1: 1985, with discussion of recent developments and research in the Cage Bird Trade | ||
| 505 | _aVol. 2: 1986 - 1988 | ||
| 505 | _aVol. 3: 1989 | ||
| 650 |
_aAves _99785 |
||
| 650 |
_aComercio de especies silvestres _94725 |
||
| 650 |
_aCITES _92790 |
||
| 662 | _aEstados Unidos | ||
| 942 |
_cImpreso _2z |
||
| 999 |
_c911 _d911 |
||